000
00311nam a2200097Ia 4500
008
240331s9999 xx 000 0 und d
082
_b
SRI
100
_a
Sri Lanka foundation
245
0
_a
Seminar on law enforcement agencies andtheir role in the implementation of the international bill of human rights
942
_c
L
999
_c
2506
_d
2506